Jakie to państwo? - rozsypanka literowa #1 - Statystyki

Ogólne statystyki
  • Ten quiz został rozwiązany 261 razy
  • Średni wynik to 15 z 24
Statystyki odpowiedzi
Rozsypanka Państwo % Poprawnych
LPOKAS Polska
95%
NNLIAFADI Finlandia
86%
ALTAM Malta
84%
UREP Peru
83%
AIOEWGRN Norwegia
82%
AIYARBZL Brazylia
78%
ZAPHAINSI Hiszpania
78%
RGIEN Niger
77%
SJARO Rosja
76%
PNIAAOPJ Japonia
67%
AUIUNMR Rumunia
67%
JNAWTA Tajwan
64%
AYEANGTNR Argentyna
63%
WUJRUAG Urugwaj
60%
ADILSNIA Islandia
59%
AAAIDLTJN Tajlandia
59%
MKYSKE Meksyk
58%
LAIAWM Malawi
55%
AAZAINTN Tanzania
54%
LIRIGAEA Algieria
50%
NNASAAGITF Afganistan
48%
AOSBBRDA Barbados
46%
OWRLSAAD Salwador
32%
AAIONRNSM San Marino
26%
Nie znaleziono quizów pasujących do podanych kryteriów
Rozkład punktacji
Procent ludzi z każdym wynikiem
Percentyl według liczby udzielonych odpowiedzi
Twoja historia wyników
Nie rozwiązałeś tego quizu